| 000 | 00753nam a2200205Ii 4500 | ||
|---|---|---|---|
| 003 | JO-AjNU | ||
| 008 | 230605s9999||||xx |||||||||||||| ||und|| | ||
| 040 |
_aJO-AjNU _bara _erda _cJO-AjNU |
||
| 041 | _aara | ||
| 050 | 1 | 4 | _aDR506.2006 |
| 100 | 3 |
_aتاليف عبد القادر، عصمت برهان الدين, _eauthor _98005 |
|
| 245 | 0 | 0 | _aدور النواب العرب في مجلس المبعوثان العثماني(1908-1914) |
| 250 | _aط1 | ||
| 264 | 3 | 1 | _aبيروت: الدار العربية للموسوعات، 2006 |
| 300 | _a296ص | ||
| 336 |
_atext _btxt _2rdacontent |
||
| 337 |
_aunmediated _bn _2rdamedia |
||
| 338 |
_avolume _bnc _2rdacarrier |
||
| 650 | 4 |
_aالنواب العرب- الدولة العثمانية 1908-1914 _98006 |
|
| 999 |
_aA566 _c4134 _d4134 |
||